Loading...
| Science - Physics | 0 | 3 | 0 | 2 | 30 | 95 | 112.00 | 0 | 0 | 2.36 | 4.33 |
| Science - Biology | 0 | 3 | 0 | 1 | 30 | 78 | 93.00 | 0 | 0 | 5.10 | 11.83 |
| Religion | 0 | 2 | 0 | 1 | 20 | 92 | 97.00 | 0 | 1 | 3.43 | 13.33 |
| Philosophy | 0 | 2 | 0 | 0 | 20 | 52 | 64.50 | 0 | 2 | 8.91 | 14.50 |
| History - Other | 0 | 2 | 0 | 0 | 20 | 90 | 101.00 | 0 | 0 | 4.06 | 10.00 |
| Literature - European | 0 | 2 | 1 | 0 | 15 | 108 | 111.00 | 0 | 0 | 4.06 | 14.17 |
| Fine Arts - Other | 0 | 1 | 0 | 0 | 10 | 127 | 127.00 | 0 | 1 | 0.23 | 9.00 |
| History - American | 0 | 1 | 0 | 0 | 10 | 106 | 106.00 | 0 | 0 | 1.52 | 1.67 |
| Literature - World | 0 | 1 | 0 | 0 | 10 | 90 | 90.00 | 0 | 0 | 3.66 | 5.83 |
| Science - Chemistry | 0 | 2 | 2 | 2 | 10 | 109 | 110.00 | 0 | 1 | 0.00 | 5.00 |
| Literature - American | 0 | 0 | 1 | 0 | -5 | 0.00 | 0 | 0 | 0.00 | 0.00 | |
| Fine Arts - Painting and Sculpture | 0 | 0 | 1 | 0 | -5 | 0.00 | 0 | 0 | 0.00 | 0.00 | |
| Science - Other | 0 | 0 | 2 | 0 | -10 | 0.00 | 0 | 0 | 0.00 | 0.00 | |
| Mythology | 0 | 0 | 2 | 0 | -10 | 0.00 | 0 | 0 | 0.00 | 0.00 |